Normal view MARC view
  • Power

Entry Topical Term

Number of records used in: 1

001 - CONTROL NUMBER

  • control field: 104755

003 - CONTROL NUMBER IDENTIFIER

  • control field: NUST

005 - DATE AND TIME OF LATEST TRANSACTION

  • control field: 20221213152344.0

008 - FIXED-LENGTH DATA ELEMENTS

  • fixed length control field: 221213|| aca||aabn | a|a d

040 ## - CATALOGING SOURCE

  • Original cataloging agency: NUST
  • Transcribing agency: NUST

150 ## - HEADING--TOPICAL TERM

  • Topical term or geographic name entry element: Power

670 ## - SOURCE DATA FOUND

  • Source citation: Work cat.: (NUST)184630: Greene , Robert 89094, The 48 Laws of Power /, 1999
© 2023 Central Library, National University of Sciences and Technology. All Rights Reserved.